000 00592cam a22002055a 4500
001 ##L134136
008 060712s1947 000 0 eng u
035 _a(Sirsi) u134136
041 0 _aeng
050 0 4 _a333.0062 $2 18
100 1 _aKillick, Alexander H.
245 0 4 _aThe Institution
_bquo vadit?
260 _aLondon
_bRICS
_c1947
300 _a21p.
_c22cm.
520 _aA paper read at an ordinary general meeting of RICS on 6 January 1947.
651 4 _aGreat Britain
_y1707-
690 _aABOUT RICS
710 2 _aRoyal Institution of Chartered Surveyors
_94900
942 _n0
999 _c105558
_d105558